Представление документа в формате MARC21

ПолеНазваниеЗначение
  Тип записи a
  Библиографический уровень m
001 Контрольный номер RU\infra-m\znanium\bibl\2212252
005 Дата корректировки 20260429142123.6
008 Кодируемые данные 260406s2025 RU g rus u
020 Индекс ISBN __
a ISBN 978-5-16-020486-4
020 Индекс ISBN __
a ISBN 978-5-16-113131-2 (электр. издание)
040 Источник каталогиз. __
a Служба первич. каталог. Общество с ограниченной ответственностью «ЗНАНИУМ»
041 Код языка издания __
a Код языка текста rus
044 Код страны публикации __
a Код страны публикации RU
080 Индекс УДК __
a Индекс УДК 929.6
084 Индекс другой классификации/Индекс ББК __
2 Источник индекса rubbk
a Индекс другой классификации/Индекс ББК 63.215(2)
084 Индекс другой классификации/Индекс ББК __
2 Источник индекса okso
a Индекс другой классификации/Индекс ББК 46.03.01
084 Индекс другой классификации/Индекс ББК __
2 Источник индекса okso
a Индекс другой классификации/Индекс ББК 46.03.02
100 Автор __
a Автор Корников А.А.
q Полное имя Корников Аркадий Андрианович
u Дополнение Ивановский государственный университет
245 Заглавие __
a Заглавие Российская геральдика
b Продолж. заглавия Научно-популярная литература
c Ответственность Ивановский государственный университет
250 Сведения об издании __
a Основные сведения об издании 1
260 Выходные данные __
a Место издания Москва
b Издательство ООО "Научно-издательский центр ИНФРА-М"
c Дата издания 2026
300 Физическое описание __
a Объем 196 с.
440 Серия __
a Серия Интересно знать
520 Аннотация __
a Аннотация В книге рассматриваются основные разделы геральдики — направления исторических знаний занимающегося изучением гербов. Рассказывается об истории происхождения и символике гербов российского государства отечественных родовых и территориальных гербах. В работе воспроизводится большое количество изображений различных категорий гербов имеется список литературы по данному направлению. Для всех кто интересуется геральдикой.
521 Примеч. о цел. назн. __
a Примеч. о целев. назн. Профессиональное образование
650 Тематические рубрики __
a Основная рубрика История. Исторические науки
x Основная подрубрика Геральдика. Эмблематика
655 Указ. предметных рубрик (устаревшее) __
a Жанр/ форма (устаревшее) Научно-популярная литература
856 Электронный адрес документа 4_
a Имя сервера/домена znanium.ru
m Помощь ebs_support@infra-m.ru
n Местонахождение сервера НИЦ ИНФРА-М
u URL https://znanium.ru/catalog/document?id=465217
856 Электронный адрес документа 48
a Имя сервера/домена znanium.ru
d Путь /cover/2212
f Электронное имя 2212252.jpg
q Тип электронного формата image/jpeg
u URL https://znanium.ru/cover/2212/2212252.jpg
911 __
u 0030=https://znanium.ru/catalog/document?id=465217